000
00299nam a22001337a 4500
008
180109b xxu||||| |||| 00| 0 eng d
020
_a
9780838512227
041
_a
eng
080
_a
615
100
_a
5
101
_a
SHF
245
_a
Clinician's Pocket Reference
_c
Gomella, L.G
942
_2
udc
_c
BK
999
_c
39949
_d
39949